| 000 | 00791nam a2200253Ia 4500 | ||
|---|---|---|---|
| 003 | OSt | ||
| 005 | 20220923223905.0 | ||
| 006 | a|||||r|||| 00| 0 | ||
| 007 | ta | ||
| 008 | Pun | ||
| 020 | _c22 | ||
| 024 | _a223,016 | ||
| 037 | _cTextual | ||
| 040 |
_aARTS _cARTS _bPun |
||
| 041 |
_2Pun _aPun |
||
| 082 | _aV236.M9, 153L4 | ||
| 100 | _aਗਰੇਵਾਲ, ਜੇ ਔਸ | ||
| 245 | 0 | _aਮੁਢਲੀ ਉਨ੍ਹੀਵੀਜ਼ ਸਦੀ ਦਾ ਪੰਜਾਬ | |
| 260 |
_aਅੰਮ੍ਰਿਤਸਰ _b ਗੁਰੂ ਨਾਨਕ ਦੇਵ ਯੁਨੀਵਰਸਿਟੀ _c1974 |
||
| 300 |
_a152ਪੰ _ccm. |
||
| 650 | _aਭਾਰਤੀਯ ਇਤਿਹਾਸ | ||
| 942 |
_hV236.M9, 153L4 _cTEXL _2CC |
||
| 999 |
_c368048 _d368048 |
||